| 000 | 00824nmc a2200325 a 4500 | ||
|---|---|---|---|
| 003 | AR-BaBNM | ||
| 005 | 20251128202817.0 | ||
| 008 | 166019s1946 ||||||||||||||000 | spa|| | ||
| 040 | _cAR-BaBNM | ||
| 100 | 1 |
_aVega, Carlos _d1898-1966 |
|
| 245 | 1 | 0 | _aMúsica sudamericana |
| 260 |
_aBuenos Aires _bEmecé _c1946 |
||
| 300 | 0 |
_a117 p. _bpartituras |
|
| 490 | 0 | _aBuen Aire | |
| 500 | 0 | _aContiene noticia en p. 7-10 | |
| 650 | 4 | _aMUSICA FOLKLORICA | |
| 650 | 4 | _aCANCIONES FOLKLORICAS | |
| 650 | 4 | _aCOSTUMBRES Y TRADICIONES | |
| 650 | 4 | _aCULTURAS POPULARES | |
| 650 | 4 | _aESTUDIOS CULTURALES | |
| 650 | 4 | _aTRADICION ORAL | |
| 650 | 4 | _aMUSICA POPULAR | |
| 650 | 4 | _aCOREOGRAFIA | |
| 650 | 4 | _aVESTUARIO | |
| 650 | 4 | _aTEATRO POPULAR | |
| 651 | 4 | _aPerú | |
| 651 | 4 | _aArgentina | |
| 942 | _cBK | ||
| 998 | _cisola | ||
| 999 |
_c690 _d690 |
||